Central Library and Information Centre
Sibsagar Girls' College, Sivasagar : Assam

RAM BIJOY NAT - Sree Sree Sankardev Borachita (Record no. 4361)

MARC details
000 -LEADER
fixed length control field 00522cam a2200193ua 4500
008 - FIXED-LENGTH DATA ELEMENTS--GENERAL INFORMATION
fixed length control field 190506n II |||gr||||Z||||||asm
040 ## - CATALOGING SOURCE
Original cataloging agency MAIN
041 ## - LANGUAGE CODE
-- English
082 ## - DEWEY DECIMAL CLASSIFICATION NUMBER
Classification number 891.454 BHA
100 ## - MAIN ENTRY--PERSONAL NAME
Personal name BHAGAWATI , KAMAKHYACHARAN.
245 ## - TITLE STATEMENT
Title RAM BIJOY NAT - Sree Sree Sankardev Borachita
250 ## - EDITION STATEMENT
Edition statement 1ST.
260 ## - PUBLICATION, DISTRIBUTION, ETC.
Place of publication, distribution, etc. DIBRUGARH:
Name of publisher, distributor, etc. BANALATA,
Date of publication, distribution, etc. 1974.
300 ## - PHYSICAL DESCRIPTION
Extent 62:
Dimensions 19CM.
500 ## - GENERAL NOTE
General note BOOK was before in BOOK BANK Acc.No.UB 50, Now New Acc.No.04148
942 ## - ADDED ENTRY ELEMENTS (KOHA)
Koha item type Books
653 ## - INDEX TERM--UNCONTROLLED
Uncontrolled term Asomiya Natak
Holdings
Withdrawn status Lost status Damaged status Not for loan Collection code Home library Current library Shelving location Date acquired Full call number Barcode Date last seen Copy number Price effective from Koha item type
        REFASM Central Library and Information Centre Sibsagar Girls College Central Library and Information Centre Sibsagar Girls College   15.05.1975 891.454 BHA 04148 27.02.2020 1 27.02.2020 Books


Sibsagar Girl's College © 2020. All rights reserved.
Powered by Koha.
Maintained by Abhijit Borpuzari.